000 00618nam a22002057a 4500
005 20170630151358.0
010 _aENG-118652
020 _a9788184656046
_c275.00
035 _aEN-102184
037 _bDBAD/PUB
082 _a234.7
100 _aPathil, Kuncheria
245 _aFuture of the ecumenical movement /
_cby Kuncheria Pathil ; foreword by Konrad Raiser
260 _aDelhi
_bISPCK
_c2017
270 _a1585, Madrasa Road, Kashmere Gate
_bDelhi
_e110006
300 _axv,189p.
_c21cm(pbk)
500 _aincludes index
700 _aRaiser, Konrad
942 _2ddc
_cEN
_h234.7
_mPAT
999 _c141119
_d141119